Lordofon - zgadnij wszystkie piosenki - Statystyki

Ogólne statystyki
  • Ten quiz został rozwiązany 10 razy
  • Średni wynik to 32 z 49
Statystyki odpowiedzi
Hint Odpowiedź % Poprawnych
Plastelina EP Unabomber
100%
2012
88%
Antarktyda
88%
chatGPT
88%
Harakiri
88%
Networking
88%
ft. Hi Hania Prywatna wyspa
88%
ft. Słoń Samiec Beta
88%
Skały
88%
16mm
75%
Tatuaż z wąsem na palcu
75%
Koło Figaro
75%
Hałas
75%
ft. Wiktor Dyduła Lego
75%
Opener
75%
Pętla
75%
Zoo
75%
Adios
63%
A może nie?
63%
Cheesy
63%
Głupek
63%
Grawitacja
63%
Hiroszima, mon amour
63%
Houdini
63%
Kobayashi
63%
ft. u Lotty KOI
63%
Singiel Missouri
63%
Mleko i płatki
63%
Oda do Olka
63%
Singiel Oz
63%
PRĄD W GALARECIE
63%
Plastelina EP Bonus track Pszczoły
63%
Robot
63%
STARBOY
63%
Taconafide
63%
Ustęp
63%
Więc chodź
63%
Niesamowita Trupa Pana Hiroszimy X
63%
Ctrl + Z
50%
Obiecuję, że będzie gorzej
50%
Passé Francoise Hardy
50%
Jutro
50%
Lato
50%
Mała Śmierć
50%
Poliester
50%
ft. u Lacklustera Spędzam dni sam
50%
04:35
38%
2225
38%
L.O.R.D byku
38%
Nie znaleziono quizów pasujących do podanych kryteriów
Rozkład punktacji
Procent ludzi z każdym wynikiem
Percentyl według liczby udzielonych odpowiedzi
Twoja historia wyników
Nie rozwiązałeś tego quizu